| 000 | 00565nam a22001577a 4500 | ||
|---|---|---|---|
| 003 | NUST | ||
| 038 | _aNusrat Nadeem | ||
| 082 | _a200 | ||
| 100 |
_aFatima, Hamayal _9130976 |
||
| 245 |
_aOrganizational Capability to Adopt Digital Transformation and its Effect on Firm’s Performance/ _cHamayal Fatima, |
||
| 264 |
_aIslamabad: _bNBS NUST. _c2025. |
||
| 650 |
_aMS- Innovation and Entrepreneurship _9114384 |
||
| 700 |
_aSupervisor: Dr. Yasmine Muhammad Javaid Iqbal _9118386 |
||
| 856 | _uhttp://10.250.8.41:8080/xmlui/handle/123456789/55489 | ||
| 942 |
_2ddc _cSC |
||
| 999 |
_c615101 _d615101 |
||